|
|
|
|
| LEADER |
02460nam a22003377a 4500 |
| 001 |
32915 |
| 003 |
BD-DhAAL |
| 005 |
20240905130312.0 |
| 008 |
180405t2016 bg ||||| b||| 001 0 ben d |
| 020 |
|
|
|a 9844460166
|
| 020 |
|
|
|a 98483091745
|
| 040 |
|
|
|a BD-DhAAL
|c BD-DhAAL
|
| 041 |
|
|
|a ben
|
| 082 |
|
|
|a 891.441
|
| 100 |
|
|
|a ঠাকুর, রবীন্দ্রনাথ
|d ১৮৬১-১৯৪১
|9 17758
|
| 245 |
|
|
|a সঞ্চয়িতা /
|c রবীন্দ্রনাথ ঠাকুর.
|
| 246 |
|
|
|a Sanchayita [a collection of poems]
|
| 250 |
|
|
|a একাদশ সংস্করণ
|
| 260 |
|
|
|a ঢাকা ;
|a কলকাতা :
|b প্রতীক প্রকাশনা সংস্থা ;
|b বিশ্বসাহিত্য ভবন,
|b বিশ্বভারতী,
|c ২০১৬ [নবম মুদ্রণ]
|c ২০১৩ [সংশোধিত পুনমুদ্রণ].
|
| 300 |
|
|
|a ৬০৭ পৃষ্ঠা :
|a ৬০৪ পৃষ্ঠা :
|a ৯১৫ পৃষ্ঠা ;
|c ২২ সে.মি.
|
| 504 |
|
|
|a বিবলিওগ্রাফী ও ইনডেক্স অন্তর্ভূক্ত
|
| 541 |
|
|
|a Complementary copy from Author/ Savar Campus Library
|e 7494, 32915, 32995, 34879, 34880, 43014
|
| 650 |
|
|
|a Bengali poetry.
|9 17759
|
| 852 |
|
|
|a Ayesha Abed Library
|c General Stacks
|
| 942 |
|
|
|2 ddc
|c BK
|
| 999 |
|
|
|c 39234
|d 39234
|
| 952 |
|
|
|0 0
|1 0
|2 ddc
|4 0
|6 891_441000000000000_TAG
|7 0
|9 63004
|a BRACUL
|b BRACUL
|c GEN
|d 2018-03-29
|e Office of Co-Curricular Activities
|g 340.00
|l 1
|m 2
|o 891.441 TAG
|p 3010032915
|q 2020-05-31
|r 2018-05-07
|s 2018-05-07
|t 1
|v 340.00
|w 2018-03-29
|y BK
|
| 952 |
|
|
|0 0
|1 0
|2 ddc
|4 0
|6 891_441000000000000_TAG
|7 0
|9 63157
|a BRACUL
|b BRACUL
|c GEN
|d 2018-04-11
|e Development Book Agency
|g 361.25
|l 4
|m 35
|o 891.441 TAG
|p 3010032995
|r 2026-05-20
|s 2026-04-13
|t 2
|v 425.00
|w 2018-04-11
|y BK
|
| 952 |
|
|
|0 0
|1 0
|2 ddc
|4 0
|6 891_441000000000000_TAG
|7 0
|9 65726
|a SCL
|b SCL
|c GEN
|d 2019-07-17
|e Development Book Agency
|g 340.00
|l 4
|o 891.441 TAG
|p 3020034880
|r 2024-09-25
|s 2024-09-24
|t 4
|v 340.00
|w 2019-07-17
|y BK
|
| 952 |
|
|
|0 0
|1 0
|2 ddc
|4 0
|6 891_441000000000000_TAG
|7 0
|9 65727
|a SCL
|b SCL
|c GEN
|d 2019-07-17
|e Development Book Agency
|g 340.00
|l 4
|m 2
|o 891.441 TAG
|p 3020034879
|r 2026-05-13
|s 2025-12-09
|t 3
|v 340.00
|w 2019-07-17
|y BK
|
| 952 |
|
|
|0 0
|1 0
|2 ddc
|4 0
|6 891_441000000000000_TAG
|7 0
|9 76127
|a SCL
|b SCL
|c GEN
|d 2024-09-04
|e complementary copy from savar campus
|g 340.00
|l 0
|o 891.441 TAG
|p 3020043014
|r 2025-08-18
|t 5
|v 340.00
|w 2019-07-17
|y BK
|